000 00711nam a2200289Ia 4500
005 20260324112304.0
008 008 260324s9999 xx 000 0 eng d
020 _a9781003259831
037 _aEBOOK
040 _aCRL
040 _beng
040 _cCRL
041 _2eng
041 _aeng
084 _qCRL
100 _aKimberly Beck Hieb
_91142071
245 0 _aMusic, Piety, and Political Power in 17th-Century Salzburg
245 4 _bThe Sounds of Good Government
260 _bTaylor and Francis
260 _c2024
365 _a
365 _b230
856 _uhttp://www.taylorfrancis.com/books/9781003259831
942 _cEBOOK
999 _c1731221
_d1731221